| 000 | 00821nas a2200253 4500 | ||
|---|---|---|---|
| 001 | BR0806068 | ||
| 003 | BR-BrBNA | ||
| 005 | 20231205112044.0 | ||
| 007 | ta | ||
| 008 | 230509b bl.|||p| |||| 00| 00por d | ||
| 040 |
_aBR-BrBNA _bpor _cBiblioteca Nacional de Agricultura |
||
| 041 | _a(Pt) | ||
| 072 | _aH10 | ||
| 100 | 1 | _aJesus, C.R. de | |
| 100 | 1 | _aRedaelli, L.R. | |
| 100 | 1 | _aSoglio, F.K.D. | |
| 245 | 1 | _aFlutuação populacional de Phyllocnistis Citrella Station em citrus deliciosa e no híbridom Murcott citrus sinensis x Citrus reticulata | |
| 650 | _aINSETO | ||
| 650 | _aDINÂMICA POPULACIONAL | ||
| 650 | _aFRUTA CITRÍCA | ||
| 773 | 0 |
_tCiência Rural (Brazil) _xISSN 0103-8478 _g(May-Jun 2008), v. 38(3) p. 593-600 _wBR0806068 |
|
| 909 |
_a202311 _bLúcia _c55 _dLúcia Elande |
||
| 942 |
_2AGRIS _n0 _cANA |
||
| 999 |
_c195861 _d195861 |
||